The life and work of Jalal-ud-din Rumi / (Record no. 22134)
[ view plain ]
| 000 -LEADER | |
|---|---|
| fixed length control field | 00974cam a2200289 a 4500 |
| 001 - CONTROL NUMBER | |
| control field | 22134 |
| 003 - CONTROL NUMBER IDENTIFIER | |
| rucl marc code | BD-RjUL |
| 005 - DATE AND TIME OF LATEST TRANSACTION | |
| control field | 20211209000754.0 |
| 008 - FIXED-LENGTH DATA ELEMENTS--GENERAL INFORMATION | |
| fixed length control field | 140306s1964 pk b 001 0 eng d |
| 035 ## - SYSTEM CONTROL NUMBER | |
| System control number | (BD-RjUL)22199 |
| 040 ## - CATALOGING SOURCE | |
| Original cataloging agency | JRS |
| Transcribing agency | JRS |
| Modifying agency | BD-RjUL |
| Language of cataloging | eng |
| 041 1# - LANGUAGE CODE | |
| Language code of text/sound track or separate title | engper |
| Language code of original | per |
| 082 00 - DEWEY DECIMAL CLASSIFICATION NUMBER | |
| Classification number | 891.5511 |
| Edition number | 21 |
| Author mark and year | IQL 1964 |
| 100 1# - MAIN ENTRY--PERSONAL NAME | |
| Personal name | Iqbal, Afzal. |
| 9 (RLIN) | 5063 |
| 245 14 - TITLE STATEMENT | |
| Title | The life and work of Jalal-ud-din Rumi / |
| Statement of responsibility, etc. | Afzal Iqbal ; foreword by A.J. Arberry. |
| 250 ## - EDITION STATEMENT | |
| Edition statement | 2nd rev. ed. |
| 260 ## - PUBLICATION, DISTRIBUTION, ETC. (IMPRINT) | |
| Name of publisher, distributor, etc. | Institute of Islamic Culture, |
| Place of publication, distribution, etc. | Lahore : |
| Date of publication, distribution, etc. | 1964. |
| 300 ## - PHYSICAL DESCRIPTION | |
| Pagination | xv, 196 p. : |
| Size | 21 cm. |
| Illustrations | ill. ; |
| 504 ## - BIBLIOGRAPHY, ETC. NOTE | |
| Bibliography, etc | Includes bibliographical references and index. |
| 600 00 - SUBJECT ADDED ENTRY--PERSONAL NAME | |
| Personal name | Jalāl al-Dīn Rūmī, |
| Titles and other words associated with a name | Maulana, |
| Dates associated with a name | 1207-1273. |
| 650 #0 - SUBJECT ADDED ENTRY--TOPICAL TERM | |
| Topical term or geographic name as entry element | Mevleviyeh members |
| Form subdivision | Biography. |
| 9 (RLIN) | 68343 |
| Topical term or geographic name as entry element | Poets, Persian |
| Form subdivision | Biography. |
| 9 (RLIN) | 68344 |
| 700 1# - ADDED ENTRY--PERSONAL NAME | |
| Personal name | Arberry, A. J. |
| Fuller form of name | (Arthur John), |
| Dates associated with a name | 1905-1969. |
| 942 ## - ADDED ENTRY ELEMENTS (KOHA) | |
| Source of classification or shelving scheme | Dewey Decimal Classification |
| Koha item type | Books |
| Lost status | Source of classification or shelving scheme | Damaged status | Not for loan | Collection code | Permanent Location | Current Location | Shelving location | Date acquired | Source of acquisition | Cost, normal purchase price | Total Checkouts | Full call number | Date last seen | Date checked out | Copy number | Koha item type |
|---|---|---|---|---|---|---|---|---|---|---|---|---|---|---|---|---|
| Dewey Decimal Classification | Non-fiction | Central Library, University of Rajshahi | Central Library, University of Rajshahi | 21/01/1967 | Royal Book | 10.00 | 1 | 891.5511 IQL 1964 | 13/08/2017 | 26/07/2017 | C-4 | Books |